[Event "POR-ch Seniors 50"]
[Site "Peniche"]
[Date "2023.06.08"]
[Round "3"]
[White "Fernandes, Antonio ETG"]
[Black "Santos, Micael Costa"]
[Result "1-0"]
[WhiteElo "2334"]
[BlackElo "1853"]
[PlyCount "85"]
[EventDate "2023.06.06"]
[EventType "swiss"]
[EventRounds "5"]
[EventCountry "POR"]
[SourceTitle "CBM 214 Extra"]
[Source "ChessBase"]
[SourceDate "2023.07.31"]
[SourceVersion "1"]
[SourceVersionDate "2023.07.31"]
[SourceQuality "1"]

1. d4 Nf6 2. Bg5 c5 3. Bxf6 exf6 4. c3 Qb6 5. Qd2 d5 6. e3 cxd4 7. cxd4 Bb4 8. Nc3 0-0 9. Bd3 Re8 10. Nge2 Qd6 11. 0-0 a6 12. Nf4 Be6 13. Qc2 g6 14. Nxe6 fxe6 15. Bxg6 Re7 16. Bd3 Nc6 17. Rac1 Ba5 18. a3 Kh8 19. Rfd1 Rg8 20. Bf1 f5 21. f4 Reg7 22. Na4 Nb8 23. Nc5 Bb6 24. b4 Qe7 25. Rd3 Rg6 26. Rc3 Qg7 27. Qf2 Bd8 28. R3c2 Rh6 29. Be2 b6 30. Nd3 Nd7 31. Rc8 Nf6 32. Bf3 Ne4 33. Bxe4 dxe4 34. Ne5 Qf6 35. Ra8 Rhg6 36. Nxg6+ hxg6 37. Rcc8 g5 38. g3 Kh7 39. fxg5 Qxg5 40. Qf4 Qh5 41. Rxd8 Qd1+ 42. Qf1 Qd2 43. Qh3+ 1-0

[Event "Leca da Palmeira op"]
[Site "Leca da Palmeira"]
[Date "2022.07.31"]
[Round "2"]
[White "Martins, Bruno Andre Leite"]
[Black "Santos, Micael Costa"]
[Result "1-0"]
[WhiteElo "2331"]
[BlackElo "1899"]
[PlyCount "63"]
[EventDate "2022.07.31"]
[EventType "swiss"]
[EventRounds "9"]
[EventCountry "POR"]
[SourceTitle "CBM 209 Extra"]
[Source "ChessBase"]
[SourceDate "2022.09.30"]
[SourceVersion "1"]
[SourceVersionDate "2022.09.30"]
[SourceQuality "1"]

1. e4 c5 2. Nf3 Nc6 3. d4 cxd4 4. Nxd4 Nf6 5. Nc3 e6 6. Ndb5 a6 7. Nd6+ Bxd6 8. Qxd6 Qe7 9. Bf4 0-0 10. Qxe7 Nxe7 11. Bd6 Re8 12. f3 b5 13. a4 bxa4 14. Nxa4 Ra7 15. Nc5 Nc6 16. Bc4 a5 17. Kf2 Kh8 18. Rhd1 Ng8 19. c3 Nge7 20. b4 Ng6 21. b5 Nce5 22. Be2 f5 23. f4 Nf7 24. b6 Rb7 25. Nxb7 Bxb7 26. exf5 Nxd6 27. Rxd6 Nxf4 28. Bf3 Bxf3 29. Kxf3 g5 30. Rxa5 Nd5 31. Rdxd5 exd5 32. b7 1-0

[Event "Lisbon Portugal rapid op"]
[Site "Lisbon"]
[Date "2019.02.10"]
[Round "6"]
[White "Santos, Micael Costa"]
[Black "Kowalski, Igor"]
[Result "0-1"]
[WhiteElo "1899"]
[BlackElo "2296"]
[PlyCount "64"]
[EventDate "2019.02.10"]
[EventType "swiss (rapid)"]
[EventRounds "8"]
[EventCountry "POR"]
[SourceTitle "CBM 188 Extra"]
[Source "ChessBase"]
[SourceDate "2019.02.26"]
[SourceVersion "1"]
[SourceVersionDate "2019.02.26"]
[SourceQuality "1"]

1. e4 e5 2. Nf3 Nc6 3. Bb5 a6 4. Ba4 Nf6 5. 0-0 b5 6. Bb3 Bc5 7. c3 d6 8. d4 Bb6 9. Bg5 h6 10. Bxf6 Qxf6 11. Bd5 Bd7 12. dxe5 dxe5 13. Nbd2 0-0 14. a4 Rad8 15. axb5 axb5 16. Qe2 Ne7 17. Rfd1 Ng6 18. Qf1 Nf4 19. Bb3 Bg4 20. c4 Nd3 21. Rdb1 Nxf2 22. Ra6 Nxe4+ 23. Kh1 Nxd2 24. Nxd2 Rxd2 25. Qxf6 gxf6 26. c5 Bxc5 27. Rxf6 Kg7 28. Rc6 Bd6 29. Rf1 e4 30. Rc3 Rd3 31. h3 Rxc3 32. bxc3 Be6 0-1

[Event "Portuguese Honra"]
[Site "Lisbon"]
[Date "2017.01.21"]
[Round "8"]
[White "Fortunato, Antonio Eduardo"]
[Black "Santos, Micael Costa"]
[Result "1/2-1/2"]
[WhiteElo "1642"]
[BlackElo "1936"]
[PlyCount "108"]
[EventDate "2017.01.15"]
[EventType "tourn"]
[EventRounds "9"]
[EventCountry "POR"]
[SourceTitle "CBM 176 Extra"]
[Source "ChessBase"]
[SourceDate "2017.03.02"]
[SourceVersion "1"]
[SourceVersionDate "2017.03.02"]
[SourceQuality "1"]

1. e4 c5 2. Nc3 g6 3. Bc4 Nc6 4. Nge2 Bg7 5. 0-0 a6 6. a3 b5 7. Ba2 Bb7 8. d3 Rc8 9. f4 e6 10. Be3 Nd4 11. Rb1 Nh6 12. h3 f5 13. e5 Nc6 14. Bxc5 Rg8 15. b4 Nf7 16. Qd2 g5 17. d4 gxf4 18. Nxf4 Bh6 19. Rf2 Qh4 20. Nce2 Ng5 21. Qd3 Ne4 22. Rf3 Nd8 23. d5 Rxc5 24. bxc5 Nxc5 25. Qd4 Bf8 26. Nxe6 Qh5 27. Nc7+ Kf7 28. Rxf5+ Qxf5 29. Rf1 Qxf1+ 30. Kxf1 Rg7 31. e6+ dxe6 32. dxe6+ Ndxe6 33. Bxe6+ Nxe6 34. Qd7+ Kg8 35. Qxe6+ Kh8 36. g4 Rxc7 37. Qf6+ Kg8 38. Qe6+ Rf7+ 39. Ke1 Bxa3 40. Ng3 Bb4+ 41. Ke2 Kf8 42. Nf5 a5 43. Qe5 Rd7 44. Qh8+ Kf7 45. Qxh7+ Ke6 46. Qg8+ Kf6 47. Qh8+ Kf7 48. Qh5+ Kf6 49. Qh6+ Ke5 50. Qh8+ Kf4 51. Qb8+ Kg5 52. Qg8+ Kf4 53. Qb8+ Kg5 54. Qg8+ Kf4 1/2-1/2

[Event "Portuguese Honra"]
[Site "Lisbon"]
[Date "2017.01.20"]
[Round "7"]
[White "Santos, Micael Costa"]
[Black "Santos, Jose Guilherme B Li"]
[Result "0-1"]
[WhiteElo "1936"]
[BlackElo "1878"]
[PlyCount "124"]
[EventDate "2017.01.15"]
[EventType "tourn"]
[EventRounds "9"]
[EventCountry "POR"]
[SourceTitle "CBM 176 Extra"]
[Source "ChessBase"]
[SourceDate "2017.03.02"]
[SourceVersion "1"]
[SourceVersionDate "2017.03.02"]
[SourceQuality "1"]

1. e4 c5 2. c3 d5 3. exd5 Qxd5 4. d4 Nc6 5. Nf3 Bg4 6. Be2 e6 7. 0-0 Nf6 8. h3 Bh5 9. Na3 a6 10. Nc2 Be7 11. Be3 c4 12. Bf4 b5 13. a4 0-0 14. Ne3 Qe4 15. Nd2 Qxf4 16. Bxh5 Bd6 17. g3 Qg5 18. Bf3 Rac8 19. axb5 axb5 20. Ra6 Nd5 21. Ne4 Qe7 22. Nxd6 Qxd6 23. Ng4 Qc7 24. Qe2 Qb7 25. Raa1 Ra8 26. Ne5 h6 27. Ng6 Rfe8 28. Rxa8 Qxa8 29. Ne5 Nxe5 30. Qxe5 Qb8 31. Re1 Qxe5 32. dxe5 Ra8 33. Bxd5 exd5 34. Rd1 Ra2 35. Rd2 d4 36. Rxd4 Rxb2 37. Rd8+ Kh7 38. h4 h5 39. Rd5 Kg6 40. Kg2 Rb3 41. Kh3 Kf5 42. e6+ Kxe6 43. Rxh5 f5 44. Rg5 Kf6 45. f4 Rxc3 46. h5 b4 47. Rg6+ Kf7 48. Rb6 b3 49. Kh4 Rc2 50. Kg5 b2 51. Kxf5 c3 52. Rb7+ Ke8 53. Rxg7 b1Q 54. Kg5 Rg2 55. g4 Qb5+ 56. f5 Qe5 57. Kh6 Qxg7+ 58. Kxg7 Rxg4+ 59. Kh7 c2 60. f6 c1Q 61. f7+ Kxf7 62. h6 Rg7+ 0-1

[Event "Lisbon Honra"]
[Site "Lisbon"]
[Date "2016.06.08"]
[Round "4"]
[White "Reis, Luis Sousa"]
[Black "Santos, Micael Costa"]
[Result "1-0"]
[WhiteElo "2148"]
[BlackElo "1938"]
[PlyCount "51"]
[EventDate "2016.06.05"]
[EventType "tourn"]
[EventRounds "9"]
[EventCountry "POR"]
[SourceTitle "EXT 2018"]
[Source "ChessBase"]
[SourceDate "2017.10.13"]
[SourceVersion "1"]
[SourceVersionDate "2017.10.13"]
[SourceQuality "1"]

1. d4 Nf6 2. Nc3 d5 3. Bg5 c6 4. Qd2 Nbd7 5. e4 Nxe4 6. Nxe4 dxe4 7. Ne2 h6 8. Be3 e6 9. 0-0-0 Be7 10. Kb1 b5 11. g4 a5 12. Ng3 Nf6 13. Be2 b4 14. h4 a4 15. g5 Nd5 16. Nxe4 Qb6 17. Bc4 b3 18. cxb3 a3 19. Nc5 axb2 20. Kxb2 Qa7 21. Kb1 Qxa2+ 22. Qxa2 Nc3+ 23. Kb2 Nxd1+ 24. Rxd1 Rxa2+ 25. Kxa2 hxg5 26. hxg5 1-0

[Event "Lisbon Honra"]
[Site "Lisbon"]
[Date "2016.06.05"]
[Round "1"]
[White "Santos, Micael Costa"]
[Black "Morais, Vitor Mestre"]
[Result "1/2-1/2"]
[WhiteElo "1938"]
[BlackElo "1913"]
[PlyCount "115"]
[EventDate "2016.06.05"]
[EventType "tourn"]
[EventRounds "9"]
[EventCountry "POR"]
[SourceTitle "EXT 2018"]
[Source "ChessBase"]
[SourceDate "2017.10.13"]
[SourceVersion "1"]
[SourceVersionDate "2017.10.13"]
[SourceQuality "1"]

1. e4 d5 2. exd5 Qxd5 3. Nc3 Qd6 4. Bc4 g6 5. Nge2 Bg7 6. 0-0 Nf6 7. d3 0-0 8. Nb5 Qd8 9. Bf4 Na6 10. Qd2 c6 11. Nbc3 Nc7 12. Ng3 a5 13. a4 Ncd5 14. Bh6 Re8 15. Nce4 Bh8 16. Kh1 Ng4 17. Bxd5 cxd5 18. Nc3 Nxh6 19. Qxh6 Bg7 20. Qd2 e5 21. Nb5 Be6 22. d4 e4 23. c3 Ra6 24. Qf4 Rc6 25. Rfe1 Qf6 26. Qd2 Qh4 27. Nf1 Bh6 28. Ne3 f5 29. g3 Qh3 30. f4 exf3 31. Qf2 f4 32. Nxd5 fxg3 33. Qxg3 Qf5 34. Ndc7 f2 35. Rf1 Rf8 36. Nxe6 Rxe6 37. Rad1 Re4 38. Nd6 Qg4 39. Nxe4 Qxe4+ 40. Qg2 Qe2 41. Qd5+ Rf7 42. b4 Bf8 43. bxa5 Bd6 44. c4 Kg7 45. c5 Bc7 46. Rb1 Bf4 47. Qg2 Be3 48. Qe4 Rf5 49. Qxb7+ Kh6 50. Qe4 Rg5 51. Qh4+ Rh5 52. Qg3 Rg5 53. Qh3+ Rh5 54. Rb2 Qd3 55. Qg2 Rg5 56. Qh3+ Rh5 57. Qg2 Rg5 58. Qh3+ 1/2-1/2

[Event "POR-ch prel"]
[Site "Lisbon"]
[Date "2015.03.13"]
[Round "8"]
[White "Santos, Micael Costa"]
[Black "Fortunato, Antonio Eduardo"]
[Result "1-0"]
[WhiteElo "1962"]
[BlackElo "1720"]
[PlyCount "113"]
[EventDate "2015.03.08"]
[EventType "swiss"]
[EventRounds "9"]
[EventCountry "POR"]
[SourceTitle "EXT 2018"]
[Source "ChessBase"]
[SourceDate "2017.10.13"]
[SourceVersion "1"]
[SourceVersionDate "2017.10.13"]
[SourceQuality "1"]

1. d4 e6 2. e4 d5 3. e5 c5 4. c3 cxd4 5. cxd4 a6 6. Nf3 Nc6 7. a3 Bd7 8. Bd3 h6 9. 0-0 Qb6 10. Re1 Nxd4 11. Nbd2 Nxf3+ 12. Nxf3 Bc5 13. Be3 Bxe3 14. Rxe3 Ne7 15. b4 Bc6 16. Bc2 Rc8 17. Nd4 Bd7 18. Qd2 Rc4 19. Rd1 Nc6 20. Nxc6 Bxc6 21. Rg3 g5 22. Bb3 Re4 23. Rd3 Rxe5 24. Qc3 f6 25. Rd4 Kf7 26. Bc2 Bb5 27. a4 Bc4 28. a5 Qa7 29. h4 b5 30. axb6 Qxb6 31. h5 Rg8 32. Rxc4 dxc4 33. Rd7+ Kf8 34. Qf3 Re1+ 35. Kh2 Qb8+ 36. g3 f5 37. Qc6 Rg7 38. Qc5+ Kg8 39. Rxg7+ Kxg7 40. Qe7+ Kg8 41. Bxf5 exf5 42. Qxe1 Qb5 43. Qe6+ Kf8 44. Qxh6+ Ke8 45. Qe6+ Kf8 46. Qf6+ Kg8 47. Qxg5+ Kf8 48. Qf6+ Kg8 49. Qg6+ Kh8 50. h6 Qd7 51. Qxa6 Qf7 52. Qa8+ Kh7 53. Qc6 f4 54. g4 f3 55. Kg3 Qg6 56. Qxg6+ Kxg6 57. Kxf3 1-0

[Event "POR-ch prel"]
[Site "Lisbon"]
[Date "2015.03.12"]
[Round "7"]
[White "Dias, Jose Oliveira Gaspa"]
[Black "Santos, Micael Costa"]
[Result "1-0"]
[WhiteElo "1665"]
[BlackElo "1962"]
[PlyCount "147"]
[EventDate "2015.03.08"]
[EventType "swiss"]
[EventRounds "9"]
[EventCountry "POR"]
[SourceTitle "EXT 2018"]
[Source "ChessBase"]
[SourceDate "2017.10.13"]
[SourceVersion "1"]
[SourceVersionDate "2017.10.13"]
[SourceQuality "1"]

1. b4 e5 2. Bb2 Bxb4 3. Bxe5 Nf6 4. e3 c5 5. c4 0-0 6. Nf3 d6 7. Bb2 Nc6 8. Be2 Bg4 9. 0-0 Re8 10. d3 Ba5 11. Nbd2 Bc7 12. h3 Bh5 13. Re1 d5 14. Bxf6 Qxf6 15. cxd5 Ne5 16. Ne4 Nxf3+ 17. Bxf3 Rxe4 18. dxe4 Bg6 19. Qa4 h5 20. Rac1 Qd6 21. Qb5 Qh2+ 22. Kf1 Bd6 23. Ke2 b6 24. a4 f6 25. Qb2 Be5 26. Qa2 Bd6 27. Qb2 Be8 28. Qb3 Rb8 29. Rh1 Qe5 30. Kf1 b5 31. a5 c4 32. Qb1 b4 33. Be2 c3 34. f4 Qe7 35. Bd3 Qc7 36. Qa1 Qc5 37. Ke2 h4 38. Rhe1 g5 39. fxg5 fxg5 40. Rf1 Bh5+ 41. Rf3 Bc7 42. Qa4 Bxf3+ 43. gxf3 Qd6 44. f4 Kh8 45. Rf1 b3 46. Qd4+ Kg8 47. Qxc3 Qa3 48. Qxc7 Qb2+ 49. Kf3 Rf8 50. Rg1 Qf6 51. Bc4 b2 52. d6+ Kh8 53. Ba2 gxf4 54. Qg7+ Qxg7 55. Rxg7 Kxg7 56. exf4 Rb8 57. Bb1 Kf6 58. e5+ Ke6 59. Kg4 Rg8+ 60. Kxh4 Rg1 61. Ba2+ Kf5 62. d7 Rd1 63. e6 Kf6 64. f5 Rd3 65. Bb1 Rd1 66. Ba2 Rd3 67. Bb1 Rd4+ 68. Kg3 Ke7 69. h4 Ra4 70. f6+ Kd8 71. f7 Ra3+ 72. Kf4 Ra4+ 73. Kg5 Rxa5+ 74. Kf6 1-0

[Event "POR-ch prel"]
[Site "Lisbon"]
[Date "2015.03.11"]
[Round "6"]
[White "Santos, Micael Costa"]
[Black "Morais, Vitor Mestre"]
[Result "0-1"]
[WhiteElo "1962"]
[BlackElo "1969"]
[PlyCount "72"]
[EventDate "2015.03.08"]
[EventType "swiss"]
[EventRounds "9"]
[EventCountry "POR"]
[SourceTitle "EXT 2018"]
[Source "ChessBase"]
[SourceDate "2017.10.13"]
[SourceVersion "1"]
[SourceVersionDate "2017.10.13"]
[SourceQuality "1"]

1. d4 d5 2. Nc3 Nf6 3. e4 dxe4 4. f3 Bf5 5. Bg5 Nbd7 6. Bc4 h6 7. Be3 e6 8. Nge2 exf3 9. gxf3 Nb6 10. Bb3 c6 11. Ng3 Bg6 12. Qe2 Bb4 13. 0-0-0 0-0 14. h4 Nbd5 15. Bd2 a5 16. h5 Bh7 17. Nce4 Bxd2+ 18. Qxd2 b5 19. Rdg1 Kh8 20. c3 a4 21. Bc2 Nb6 22. Nf1 Nc4 23. Qf4 Nd5 24. Qg3 Rg8 25. Rh4 Qe7 26. Qe1 b4 27. Bd3 Nxb2 28. Kxb2 bxc3+ 29. Ka1 Qa3 30. Rh2 Rab8 31. Bc4 Rb2 32. Rgg2 Rgb8 33. Rxb2 cxb2+ 34. Kb1 Nc3+ 35. Kc2 b1Q+ 36. Qxb1 Rxb1 0-1

[Event "POR-CupT 1/8-1/4 final"]
[Site "Santo Tirso/Lisbon"]
[Date "2014.05.24"]
[Round "4.4"]
[White "Santos, Micael Costa"]
[Black "Amaro, Cristiano Guilherme"]
[Result "1/2-1/2"]
[WhiteElo "1962"]
[BlackElo "1945"]
[PlyCount "121"]
[EventDate "2014.05.24"]
[EventType "team-k.o."]
[EventRounds "5"]
[EventCountry "POR"]
[SourceTitle "EXT 2015"]
[Source "ChessBase"]
[SourceDate "2014.11.20"]
[SourceVersion "1"]
[SourceVersionDate "2014.11.20"]
[SourceQuality "1"]
[WhiteTeam "Sporting Clube Portugal"]
[BlackTeam "Clube EDP"]
[WhiteTeamCountry "POR"]
[BlackTeamCountry "POR"]

1. e4 d5 2. exd5 Qxd5 3. Nc3 Qa5 4. Bc4 Nf6 5. d3 c6 6. Bd2 Qc7 7. a4 Bg4 8. f3 Bf5 9. Nge2 Nbd7 10. 0-0 e6 11. Ne4 Nd5 12. Kh1 Be7 13. Qe1 0-0 14. a5 Bg6 15. d4 N7f6 16. Bd3 e5 17. dxe5 Qxe5 18. f4 Qc7 19. Nxf6+ Nxf6 20. f5 Bh5 21. Nf4 g6 22. fxg6 Bxg6 23. Nxg6 fxg6 24. Qe6+ Kg7 25. Rae1 Rae8 26. Bc3 Bd8 27. Qxe8 Rxe8 28. Rxe8 Kf7 29. Rxd8 Qxd8 30. Rxf6+ Ke8 31. Rf1 Qg5 32. Bc4 Qc5 33. Bf7+ Kd7 34. Bb3 Qg5 35. Rd1+ Ke8 36. Re1+ Kd8 37. Bf7 Kd7 38. Be8+ Kd8 39. Bf7 Kd7 40. Be6+ Kd6 41. Be5+ Kc5 42. Bb8 Qd2 43. Bxa7+ Kd6 44. Bb8+ Kc5 45. Bg3 Qxc2 46. Be5 Qd2 47. Bc3 Qf2 48. Bc8 Qf7 49. Kg1 Qc7 50. Be6 Qf4 51. g3 Qc7 52. b4+ Kb5 53. Re5+ Ka4 54. a6 b6 55. Bc4 b5 56. Be6 Qb6+ 57. Kf1 Qd8 58. Re1 Qd3+ 59. Re2 Qxc3 60. a7 Kxb4 61. Ra2 1/2-1/2

[Event "Sintra Honra"]
[Site "Sintra"]
[Date "2013.06.10"]
[Round "3"]
[White "Reis Luis, Simoes"]
[Black "Santos, Micael Costa"]
[Result "1/2-1/2"]
[WhiteElo "2008"]
[BlackElo "1966"]
[PlyCount "115"]
[EventDate "2013.06.08"]
[EventType "tourn"]
[EventRounds "9"]
[EventCountry "POR"]
[SourceTitle "CBM 154 Extra"]
[Source "ChessBase"]
[SourceDate "2013.06.25"]
[SourceVersion "2"]
[SourceVersionDate "2013.06.25"]
[SourceQuality "1"]

1. c4 Nf6 2. Nc3 g6 3. g3 Bg7 4. Bg2 d6 5. e3 Nbd7 6. Nge2 Ne5 7. d4 Ned7 8. 0-0 0-0 9. b3 e5 10. Bb2 c6 11. Ba3 exd4 12. Qxd4 Nd5 13. Qd2 Nxc3 14. Nxc3 Qa5 15. Bb2 Ne5 16. f4 Ng4 17. h3 Nh6 18. g4 f5 19. g5 Nf7 20. Rad1 Be6 21. Na4 Qxd2 22. Rxd2 Bxb2 23. Nxb2 Rad8 24. Rfd1 Rfe8 25. Kf2 Kg7 26. Na4 h6 27. gxh6+ Kxh6 28. Nc3 Kg7 29. Ne2 Bc8 30. Nd4 Kf6 31. Nf3 Re6 32. h4 Rde8 33. Rd3 Nh6 34. Bh3 d5 35. cxd5 cxd5 36. Ne5 Ra6 37. R1d2 Be6 38. Rc3 Re7 39. Rdc2 Nf7 40. Bf1 Rb6 41. Nf3 Nd6 42. Ng5 Ne4+ 43. Nxe4+ dxe4 44. Bc4 Rh7 45. Kg3 Bxc4 46. Rxc4 Rd6 47. R4c3 Rd1 48. Rc1 Rdd7 49. a4 Kg7 50. R1c2 Kh6 51. Rc1 Kh5 52. b4 Rd2 53. R1c2 Rxc2 54. Rxc2 Rd7 55. a5 a6 56. Rc8 Kh6 57. Rh8+ Kg7 58. Rb8 1/2-1/2

[Event "Lisbon Honra"]
[Site "Lisbon"]
[Date "2010.06.26"]
[Round "8"]
[White "Santos, Micael Costa"]
[Black "Marques, Rui Filipe Pereira"]
[Result "0-1"]
[WhiteElo "2021"]
[BlackElo "2158"]
[PlyCount "88"]
[EventDate "2010.06.19"]
[EventType "tourn"]
[EventRounds "9"]
[EventCountry "POR"]
[SourceTitle "EXT 2013"]
[Source "ChessBase"]
[SourceDate "2012.11.22"]
[SourceVersion "1"]
[SourceVersionDate "2012.11.22"]
[SourceQuality "1"]

1. e4 c5 2. Nf3 Nc6 3. d4 cxd4 4. Nxd4 g6 5. Be3 Bg7 6. Nc3 Nf6 7. Be2 0-0 8. Qd2 d5 9. exd5 Nxd5 10. Nxd5 Qxd5 11. Bf3 Qe5 12. Nxc6 bxc6 13. 0-0 Bf5 14. c3 Rfd8 15. Qc1 Qc7 16. Re1 Rd7 17. Bc5 Rad8 18. Qe3 Be6 19. Rad1 Rxd1 20. Bxd1 Rd7 21. h4 h5 22. Bf3 Bf6 23. g3 Kg7 24. a3 Bc4 25. Be4 e6 26. Bc2 Rd5 27. Rd1 Qb7 28. b4 a6 29. Qf4 Rxd1+ 30. Bxd1 Qd7 31. Bf3 Qd3 32. Bxc6 Bxc3 33. Be8 e5 34. Qc1 Bd5 35. Qf1 Qf3 36. Kh2 Bd4 37. a4 Bxc5 38. bxc5 e4 39. Qg2 Qd3 40. Qg1 e3 41. Qa1+ Kh7 42. Qf6 Qf1 43. f3 Qf2+ 44. Kh3 Be6+ 0-1

[Event "Lisbon Honra"]
[Site "Lisbon"]
[Date "2010.06.23"]
[Round "5"]
[White "Ramos, Vasco Miguel de Mat"]
[Black "Santos, Micael Costa"]
[Result "1/2-1/2"]
[WhiteElo "1927"]
[BlackElo "2021"]
[PlyCount "88"]
[EventDate "2010.06.19"]
[EventType "tourn"]
[EventRounds "9"]
[EventCountry "POR"]
[SourceTitle "EXT 2013"]
[Source "ChessBase"]
[SourceDate "2012.11.22"]
[SourceVersion "1"]
[SourceVersionDate "2012.11.22"]
[SourceQuality "1"]

1. e4 c5 2. Nf3 Nc6 3. b3 Nf6 4. Nc3 d5 5. exd5 Nxd5 6. Bb2 e6 7. Bb5 Bd7 8. 0-0 Nf4 9. Ne2 Qc7 10. Re1 Bd6 11. Nxf4 Bxf4 12. Qe2 0-0 13. g3 Bh6 14. Bd3 Rae8 15. Qe4 f5 16. Qh4 Qd8 17. Qxd8 Rxd8 18. Bc4 Rfe8 19. Ne5 Nxe5 20. Rxe5 b5 21. Bf1 Rc8 22. d3 g6 23. Re2 c4 24. dxc4 bxc4 25. Rae1 c3 26. Bc1 Bg7 27. Bf4 Kf7 28. Bg2 Bb5 29. Re3 Bd4 30. Rf3 e5 31. Bc1 Kf6 32. g4 e4 33. Rh3 Re7 34. g5+ Kg7 35. a4 Ba6 36. Ba3 Rd7 37. Bf1 Bxf1 38. Kxf1 Be5 39. Bc1 Rcd8 40. Kg2 Rd1 41. Kf1 R1d7 42. Kg2 Rd1 43. Kf1 R1d7 44. Kg2 Rc7 1/2-1/2

[Event "Lisbon Honra"]
[Site "Lisbon"]
[Date "2010.06.21"]
[Round "3"]
[White "Morais, Vitor Mestre"]
[Black "Santos, Micael Costa"]
[Result "1-0"]
[WhiteElo "2044"]
[BlackElo "2021"]
[PlyCount "100"]
[EventDate "2010.06.19"]
[EventType "tourn"]
[EventRounds "9"]
[EventCountry "POR"]
[SourceTitle "EXT 2013"]
[Source "ChessBase"]
[SourceDate "2012.11.22"]
[SourceVersion "1"]
[SourceVersionDate "2012.11.22"]
[SourceQuality "1"]

1. c4 c5 2. Nc3 Nc6 3. g3 g6 4. Bg2 Bg7 5. e3 d6 6. Nge2 Nf6 7. 0-0 0-0 8. d4 cxd4 9. Nxd4 Bd7 10. b3 Nxd4 11. exd4 Bc6 12. d5 Bd7 13. Be3 a6 14. a4 Qc8 15. Re1 Bh3 16. Bh1 Re8 17. Bd4 Qd7 18. Ra2 e5 19. dxe6 fxe6 20. Bxf6 Bxf6 21. Ne4 Be7 22. Rd2 Rf8 23. Nxd6 Rad8 24. Ne4 Qc7 25. Rxd8 Bxd8 26. Bg2 Bf5 27. Nd6 Bc2 28. Qxc2 Qxd6 29. Rxe6 Qd4 30. Bxb7 Bb6 31. Re2 a5 32. Bd5+ Kg7 33. Kg2 Rf6 34. h4 h5 35. Bf3 Qc5 36. Qe4 g5 37. hxg5 Qxg5 38. Qb7+ Kh6 39. Re7 Qf5 40. Qe4 Qxe4 41. Rxe4 Bc7 42. Rh4 Kg6 43. Bxh5+ Kg5 44. Bf3 Kg6 45. Rd4 Rb6 46. Rd3 Kf6 47. Bd5 Ke5 48. f4+ Kf5 49. Kf3 Rh6 50. g4+ Kg6 1-0

[Event "Lisbon Honra"]
[Site "Lisbon"]
[Date "2009.06.25"]
[Round "6"]
[White "Rodrigues, Pedro Sousa Rocha"]
[Black "Santos, Micael Costa"]
[Result "0-1"]
[WhiteElo "1930"]
[BlackElo "2006"]
[PlyCount "88"]
[EventDate "2009.06.20"]
[EventType "tourn"]
[EventRounds "9"]
[EventCountry "POR"]
[SourceTitle "EXT 2018"]
[Source "ChessBase"]
[SourceDate "2017.10.13"]
[SourceVersion "1"]
[SourceVersionDate "2017.10.13"]
[SourceQuality "1"]

1. c4 Nf6 2. Nc3 g6 3. e4 d6 4. d4 Bg7 5. Be2 0-0 6. Bg5 c5 7. d5 Nbd7 8. h4 h5 9. Qd2 b5 10. cxb5 a6 11. a4 axb5 12. Bxb5 Ba6 13. Qc2 Qa5 14. Bd2 Bxb5 15. Nxb5 Qb6 16. Bc3 Rfb8 17. Ne2 Qb7 18. 0-0 Qc8 19. Rfc1 Nb6 20. b3 Qg4 21. f3 Qd7 22. Bb2 Rc8 23. a5 Nbxd5 24. Nbc3 Nb4 25. Qd2 Rcb8 26. e5 dxe5 27. Qxd7 Nxd7 28. Ne4 Nd3 29. Rd1 Rxb3 30. Bc3 c4 31. a6 N7c5 32. Nd2 Nf4 33. Nxf4 Rxc3 34. Nd5 Rc2 35. Nc7 Ra7 36. Ra5 Nb3 37. Nb5 Nxa5 38. Nxa7 Bh6 39. Nf1 Ra2 40. Rd8+ Kg7 41. Rc8 Nb3 42. Rxc4 Rxa6 43. Nc6 Ra1 44. Kf2 Rxf1+ 0-1

[Event "Lisbon Honra"]
[Site "Lisbon"]
[Date "2009.06.24"]
[Round "5"]
[White "Santos, Micael Costa"]
[Black "Santos, Julio Fernandes"]
[Result "0-1"]
[WhiteElo "2006"]
[BlackElo "2061"]
[PlyCount "110"]
[EventDate "2009.06.20"]
[EventType "tourn"]
[EventRounds "9"]
[EventCountry "POR"]
[SourceTitle "EXT 2018"]
[Source "ChessBase"]
[SourceDate "2017.10.13"]
[SourceVersion "1"]
[SourceVersionDate "2017.10.13"]
[SourceQuality "1"]

1. d4 d5 2. Nf3 Bg4 3. Nbd2 c6 4. e3 Nd7 5. c4 e6 6. Qb3 Qb6 7. Qc2 Bf5 8. Qa4 Ngf6 9. c5 Qc7 10. b4 Be7 11. Bb2 0-0 12. Be2 h6 13. Qb3 Ne4 14. Nxe4 Bxe4 15. 0-0 Bf6 16. Nd2 Bh7 17. f4 Be7 18. Bd3 Bxd3 19. Qxd3 Nf6 20. a4 a6 21. b5 Rfb8 22. Bc3 Bd8 23. b6 Qe7 24. Rf3 g6 25. h3 Kg7 26. g4 Nh7 27. e4 Qh4 28. Nf1 Kh8 29. exd5 exd5 30. Be1 Qf6 31. Bg3 Qg7 32. h4 Nf6 33. Ne3 Ne4 34. f5 Nxg3 35. Rxg3 Bxh4 36. Rh3 Bf6 37. Rd1 Re8 38. Kf2 Re4 39. Rdh1 Bg5 40. Nc2 Rxg4 41. Rf3 Re8 42. Ne3 Rxd4 43. Qc3 Ree4 44. fxg6 fxg6 45. Rf1 Rf4 46. Kg2 Rxf3 47. Rxf3 Qe5 48. Nf1 Kg7 49. Kh3 Bf6 50. Qc2 Qe4 51. Qf2 Qh4+ 52. Qxh4 Rxh4+ 53. Kg3 Rxa4 54. Ne3 Bd4 55. Ng4 h5 0-1

[Event "POR-chT 50th"]
[Site "Evora"]
[Date "2008.08.01"]
[Round "7"]
[White "Santos, Micael Costa"]
[Black "Gergacz, Attila"]
[Result "0-1"]
[WhiteElo "2053"]
[BlackElo "2354"]
[PlyCount "64"]
[EventDate "2008.07.26"]
[EventType "team-tourn"]
[EventRounds "9"]
[EventCountry "POR"]
[SourceTitle "EXT 2009"]
[Source "ChessBase"]
[SourceDate "2008.11.26"]
[SourceVersion "1"]
[SourceVersionDate "2008.11.26"]
[SourceQuality "1"]

1. d4 Nf6 2. Nf3 d5 3. c4 e6 4. Nc3 Be7 5. Bg5 0-0 6. e3 h6 7. Bxf6 Bxf6 8. Bd3 c6 9. 0-0 Nd7 10. Rc1 dxc4 11. Bxc4 e5 12. Ne4 exd4 13. Nxf6+ Nxf6 14. Qxd4 Qe7 15. Ne5 Be6 16. Bxe6 Qxe6 17. b3 Rfd8 18. Qb2 Rd5 19. Nf3 Rad8 20. Qc2 c5 21. h3 Ne4 22. Rfd1 b6 23. Kf1 f5 24. b4 Rxd1+ 25. Rxd1 Rxd1+ 26. Qxd1 Qxa2 27. Kg1 Qxf2+ 28. Kh1 Ng3+ 29. Kh2 Nf1+ 30. Kh1 Nxe3 31. Qd8+ Kh7 32. Nh4 c4 0-1

[Event "POR-chT 50th"]
[Site "Evora"]
[Date "2008.07.29"]
[Round "4"]
[White "De Nacimiento Montano, Angel"]
[Black "Santos, Micael Costa"]
[Result "1-0"]
[WhiteElo "2099"]
[BlackElo "2053"]
[PlyCount "103"]
[EventDate "2008.07.26"]
[EventType "team-tourn"]
[EventRounds "9"]
[EventCountry "POR"]
[SourceTitle "EXT 2009"]
[Source "ChessBase"]
[SourceDate "2008.11.26"]
[SourceVersion "1"]
[SourceVersionDate "2008.11.26"]
[SourceQuality "1"]

1. e4 c5 2. Nc3 Nc6 3. Nf3 g6 4. d4 cxd4 5. Nxd4 Bg7 6. Nb3 Nf6 7. Be2 0-0 8. 0-0 d6 9. Re1 a6 10. Bf1 b5 11. Bg5 e6 12. a3 Qc7 13. Qd2 Rd8 14. Qf4 e5 15. Qh4 b4 16. axb4 Nxb4 17. Bxf6 Bxf6 18. Qxf6 Be6 19. Rac1 Qb7 20. h4 h5 21. Nd2 Rdc8 22. Nf3 Nc6 23. Ng5 Nd4 24. Ne2 Nxc2 25. Nxe6 fxe6 26. Qxg6+ Qg7 27. Qxg7+ Kxg7 28. Red1 Rc6 29. Rd2 Rac8 30. Ng3 Kf7 31. Bxa6 Nd4 32. Rxc6 Rxc6 33. Be2 Rc1+ 34. Kh2 d5 35. Bxh5+ Kf6 36. Ne2 Nxe2 37. Rxe2 d4 38. g4 Ke7 39. g5 Kd6 40. g6 Rc8 41. Bg4 Ke7 42. h5 Kf6 43. Kg3 Kg5 44. Bxe6 Rc7 45. Rc2 Rb7 46. Bg4 Rb3+ 47. f3 Rb7 48. Rc5 Kf6 49. Rc6+ Kg7 50. Re6 Rxb2 51. Re7+ Kh6 52. Rh7+ 1-0